000
00296nam a22001337a 4500
008
190222b xxu||||| |||| 00| 0 eng d
020
_a
7827
041
_a
eng
080
_a
910
100
_a
42
101
_a
GJEO
245
_a
Physical Geography: Earth Systems
_c
Hidore, J.J
942
_2
udc
_c
BK
999
_c
54127
_d
54127